000 01502 a2200229 4500
001 25324
005 20260407155538.0
008 260407a2001 arg spa d
003 AR-UNSa-BCEJYS
040 _aAR-UNSa-BCEJYS
_bspa
_cAR-UNSa-BCEJYS
080 _a001.8
_xMetodología. Estudio general del método. Procedimientos científicos y técnicos para el estudio, La investigación y la discusión
245 1 0 _aCómo usar la información en trabajos de investigación
020 _a84-7432-697-4
264 1 _aBarcelona :
_bGedisa
_c2001
300 _a238 p.
_c23 cm.
505 _a1. ¿Qué estamos haciendo cuando investigamos? - 2. Diseñar el mapa del territorio de investigación - 3. Manejar la información como apoyo para la investigación - 4. La actualización de registros: documentar la investigación - 5. Administrar el tiempo disponible - 6. Planificar los productos informativos de la investigación: preguntas para responder - 7. Planificar los productos informativos de la investigación: primeras decisiones - 8. Ampliar nuestro repertorio para presentar la información - 9. ¡El diseño es más que un cosmético! - 10. Transformar el conocimiento en información escrita: diseñar el texto
942 _cBK
590 _aniveau_biblio:m niveau_hierar:0
100 1 _aOrna, Elizabeth
700 1 _aStevens, Graham
856 4 1 _uhttps://biblioeco.unsa.edu.ar/pmb/images/libros/C?mo usar la informaci?n en trabajos de investigaci?n (2001).jpg
_yImagen de portada
_qimage/jpeg
999 _c1368
_d1368